000 00735nam a2200217Ia 4500
001 10938
003 GE_BSU
008 181216s||||||||xx |||||||||||||| ||und||
040 _cGE_BSU
080 _a031(=161.1)
245 _aЭнциклопедический словарь
245 _bДополнительный томь I:Аа-Вяхирь.
245 _cПодь Ред: К.К. Арсеньева, И В.Т. Шевякова.
260 _aС.-Петербургь
260 _bТипография акц.обш.
260 _c1905.
300 _a478стр,илл,24см.
520 _aИзд: Ф.А.Брокгаузь,И.А.Ефронь.
653 _aЭнциклопедический словарь
942 _cBK
999 _c44180
_d44180